<?xml version="1.0" encoding="UTF-8"?>
<record
    xmlns:xsi="http://www.w3.org/2001/XMLSchema-instance"
    xsi:schemaLocation="http://www.loc.gov/MARC21/slim http://www.loc.gov/standards/marcxml/schema/MARC21slim.xsd"
    xmlns="http://www.loc.gov/MARC21/slim">

  <leader>00556nam a22001577a 4500</leader>
  <controlfield tag="003">OSt</controlfield>
  <controlfield tag="005">20151120110939.0</controlfield>
  <controlfield tag="008">151120b        xxu||||| |||| 00| 0 eng d</controlfield>
  <datafield tag="040" ind1=" " ind2=" ">
    <subfield code="c">RUA </subfield>
  </datafield>
  <datafield tag="082" ind1=" " ind2=" ">
    <subfield code="a">FIS &#x1782;&#x1784;&#x17CB; 1995 B162 Or.1</subfield>
  </datafield>
  <datafield tag="100" ind1=" " ind2=" ">
    <subfield code="9">3954</subfield>
    <subfield code="a">&#x1782;&#x1784;&#x17CB;&#x200B; &#x1796;&#x17BB;&#x1791;&#x17D2;&#x1792;&#x17B6;&#x179A;&#x17B7;&#x1791;&#x17D2;&#x1792;</subfield>
  </datafield>
  <datafield tag="245" ind1=" " ind2=" ">
    <subfield code="a">The effect of and cowmanure on water quality (&#x17A5;&#x1791;&#x17D2;&#x1792;&#x17B7;&#x1796;&#x179B;&#x1793;&#x17C3;&#x1780;&#x17C6;&#x1794;&#x17C4;&#x179A;&#x1793;&#x17B7;&#x1784;&#x1787;&#x17B8;&#x179B;&#x17B6;&#x1798;&#x1780;&#x1782;&#x17C4;&#x179B;&#x17BE;&#x1782;&#x17BB;&#x178E;&#x1797;&#x17B6;&#x1796;&#x1791;&#x17B9;&#x1780;)</subfield>
  </datafield>
  <datafield tag="260" ind1=" " ind2=" ">
    <subfield code="a">Phnom  penh</subfield>
    <subfield code="b">RUA</subfield>
    <subfield code="c">1995</subfield>
  </datafield>
  <datafield tag="300" ind1=" " ind2=" ">
    <subfield code="a">57p.</subfield>
    <subfield code="b">ill.</subfield>
    <subfield code="c">29cm.</subfield>
  </datafield>
  <datafield tag="942" ind1=" " ind2=" ">
    <subfield code="2">ddc</subfield>
    <subfield code="c">FIS</subfield>
  </datafield>
  <datafield tag="999" ind1=" " ind2=" ">
    <subfield code="c">3675</subfield>
    <subfield code="d">3675</subfield>
  </datafield>
  <datafield tag="952" ind1=" " ind2=" ">
    <subfield code="0">0</subfield>
    <subfield code="1">0</subfield>
    <subfield code="2">ddc</subfield>
    <subfield code="4">0</subfield>
    <subfield code="6">FIS_&#x1782;&#x1784;_1995_000000000000000_B162_OR_1</subfield>
    <subfield code="7">0</subfield>
    <subfield code="9">18168</subfield>
    <subfield code="a">LBB</subfield>
    <subfield code="b">LBB</subfield>
    <subfield code="c">B162</subfield>
    <subfield code="d">2015-11-20</subfield>
    <subfield code="o">FIS &#x1782;&#x1784;&#x17CB; 1995 B162 Or.1</subfield>
    <subfield code="p">RUA011341</subfield>
    <subfield code="r">2015-11-20</subfield>
    <subfield code="w">2015-11-20</subfield>
    <subfield code="y">FIS</subfield>
  </datafield>
  <datafield tag="952" ind1=" " ind2=" ">
    <subfield code="0">0</subfield>
    <subfield code="1">0</subfield>
    <subfield code="2">ddc</subfield>
    <subfield code="4">0</subfield>
    <subfield code="6">FIS_&#x1782;&#x1784;_1995_000000000000000_B162_OR_2</subfield>
    <subfield code="7">0</subfield>
    <subfield code="9">18169</subfield>
    <subfield code="a">LBB</subfield>
    <subfield code="b">LBB</subfield>
    <subfield code="c">B162</subfield>
    <subfield code="d">2015-11-20</subfield>
    <subfield code="o">FIS &#x1782;&#x1784;&#x17CB; 1995 B162 Or.2</subfield>
    <subfield code="p">RUA011337</subfield>
    <subfield code="r">2015-11-20</subfield>
    <subfield code="w">2015-11-20</subfield>
    <subfield code="y">FIS</subfield>
  </datafield>
  <datafield tag="952" ind1=" " ind2=" ">
    <subfield code="0">0</subfield>
    <subfield code="1">0</subfield>
    <subfield code="2">ddc</subfield>
    <subfield code="4">0</subfield>
    <subfield code="6">FIS_&#x1782;&#x1784;_1995_000000000000000_B162_OR_3</subfield>
    <subfield code="7">0</subfield>
    <subfield code="9">18170</subfield>
    <subfield code="a">LBB</subfield>
    <subfield code="b">LBB</subfield>
    <subfield code="c">B162</subfield>
    <subfield code="d">2015-11-20</subfield>
    <subfield code="o">FIS &#x1782;&#x1784;&#x17CB; 1995 B162 Or.3</subfield>
    <subfield code="p">RUA011195</subfield>
    <subfield code="r">2015-11-20</subfield>
    <subfield code="w">2015-11-20</subfield>
    <subfield code="y">FIS</subfield>
  </datafield>
  <datafield tag="952" ind1=" " ind2=" ">
    <subfield code="0">0</subfield>
    <subfield code="1">0</subfield>
    <subfield code="2">ddc</subfield>
    <subfield code="4">0</subfield>
    <subfield code="6">FIS_&#x1782;&#x1784;_1995_000000000000000_B162_OR_4</subfield>
    <subfield code="7">0</subfield>
    <subfield code="9">18171</subfield>
    <subfield code="a">LBB</subfield>
    <subfield code="b">LBB</subfield>
    <subfield code="c">B162</subfield>
    <subfield code="d">2015-11-20</subfield>
    <subfield code="o">FIS &#x1782;&#x1784;&#x17CB; 1995 B162 Or.4</subfield>
    <subfield code="p">RUA011270</subfield>
    <subfield code="r">2015-11-20</subfield>
    <subfield code="w">2015-11-20</subfield>
    <subfield code="y">FIS</subfield>
  </datafield>
  <datafield tag="952" ind1=" " ind2=" ">
    <subfield code="0">0</subfield>
    <subfield code="1">0</subfield>
    <subfield code="2">ddc</subfield>
    <subfield code="4">0</subfield>
    <subfield code="6">FIS_&#x1782;&#x1784;_1995_000000000000000_B162_OR_5</subfield>
    <subfield code="7">0</subfield>
    <subfield code="9">18172</subfield>
    <subfield code="a">LBB</subfield>
    <subfield code="b">LBB</subfield>
    <subfield code="c">B162</subfield>
    <subfield code="d">2015-11-20</subfield>
    <subfield code="o">FIS &#x1782;&#x1784;&#x17CB; 1995 B162 Or.5</subfield>
    <subfield code="p">RUA011124</subfield>
    <subfield code="r">2015-11-20</subfield>
    <subfield code="w">2015-11-20</subfield>
    <subfield code="y">FIS</subfield>
  </datafield>
  <datafield tag="952" ind1=" " ind2=" ">
    <subfield code="0">0</subfield>
    <subfield code="1">0</subfield>
    <subfield code="2">ddc</subfield>
    <subfield code="4">0</subfield>
    <subfield code="6">FIS_&#x1782;&#x1784;_1995_000000000000000_B162_OR_6</subfield>
    <subfield code="7">0</subfield>
    <subfield code="9">18173</subfield>
    <subfield code="a">LBB</subfield>
    <subfield code="b">LBB</subfield>
    <subfield code="c">B162</subfield>
    <subfield code="d">2015-11-20</subfield>
    <subfield code="o">FIS &#x1782;&#x1784;&#x17CB; 1995 B162 Or.6</subfield>
    <subfield code="p">RUA011122</subfield>
    <subfield code="r">2015-11-20</subfield>
    <subfield code="w">2015-11-20</subfield>
    <subfield code="y">FIS</subfield>
  </datafield>
  <datafield tag="952" ind1=" " ind2=" ">
    <subfield code="0">0</subfield>
    <subfield code="1">0</subfield>
    <subfield code="2">ddc</subfield>
    <subfield code="4">0</subfield>
    <subfield code="6">FIS_&#x1782;&#x1784;_1995_000000000000000_B162_OR_7</subfield>
    <subfield code="7">0</subfield>
    <subfield code="9">18174</subfield>
    <subfield code="a">LBB</subfield>
    <subfield code="b">LBB</subfield>
    <subfield code="c">B162</subfield>
    <subfield code="d">2015-11-20</subfield>
    <subfield code="o">FIS &#x1782;&#x1784;&#x17CB; 1995 B162 Or.7</subfield>
    <subfield code="p">RUA011813</subfield>
    <subfield code="r">2015-11-20</subfield>
    <subfield code="w">2015-11-20</subfield>
    <subfield code="y">FIS</subfield>
  </datafield>
  <datafield tag="952" ind1=" " ind2=" ">
    <subfield code="0">0</subfield>
    <subfield code="1">0</subfield>
    <subfield code="2">ddc</subfield>
    <subfield code="4">0</subfield>
    <subfield code="6">FIS_&#x1782;&#x1784;_1995_000000000000000_B162_OR_8</subfield>
    <subfield code="7">0</subfield>
    <subfield code="9">18175</subfield>
    <subfield code="a">LBB</subfield>
    <subfield code="b">LBB</subfield>
    <subfield code="c">B162</subfield>
    <subfield code="d">2015-11-20</subfield>
    <subfield code="o">FIS &#x1782;&#x1784;&#x17CB; 1995 B162 Or.8</subfield>
    <subfield code="p">RUA011192</subfield>
    <subfield code="r">2015-11-20</subfield>
    <subfield code="w">2015-11-20</subfield>
    <subfield code="y">FIS</subfield>
  </datafield>
  <datafield tag="952" ind1=" " ind2=" ">
    <subfield code="0">0</subfield>
    <subfield code="1">0</subfield>
    <subfield code="2">ddc</subfield>
    <subfield code="4">0</subfield>
    <subfield code="6">FIS_&#x1782;&#x1784;_1995_000000000000000_B162_OR_9</subfield>
    <subfield code="7">0</subfield>
    <subfield code="9">18176</subfield>
    <subfield code="a">LBB</subfield>
    <subfield code="b">LBB</subfield>
    <subfield code="c">B162</subfield>
    <subfield code="d">2015-11-20</subfield>
    <subfield code="o">FIS &#x1782;&#x1784;&#x17CB; 1995 B162 Or.9</subfield>
    <subfield code="p">RUA011339</subfield>
    <subfield code="r">2015-11-20</subfield>
    <subfield code="w">2015-11-20</subfield>
    <subfield code="y">FIS</subfield>
  </datafield>
  <datafield tag="952" ind1=" " ind2=" ">
    <subfield code="0">0</subfield>
    <subfield code="1">0</subfield>
    <subfield code="2">ddc</subfield>
    <subfield code="4">0</subfield>
    <subfield code="6">FIS_&#x1782;&#x1784;_1995_000000000000000_B162_OR_10</subfield>
    <subfield code="7">0</subfield>
    <subfield code="9">18177</subfield>
    <subfield code="a">LBB</subfield>
    <subfield code="b">LBB</subfield>
    <subfield code="c">B162</subfield>
    <subfield code="d">2015-11-20</subfield>
    <subfield code="o">FIS &#x1782;&#x1784;&#x17CB; 1995 B162 Or.10</subfield>
    <subfield code="p">RUA011194</subfield>
    <subfield code="r">2015-11-20</subfield>
    <subfield code="w">2015-11-20</subfield>
    <subfield code="y">FIS</subfield>
  </datafield>
  <datafield tag="952" ind1=" " ind2=" ">
    <subfield code="0">0</subfield>
    <subfield code="1">0</subfield>
    <subfield code="2">ddc</subfield>
    <subfield code="4">0</subfield>
    <subfield code="6">FIS_&#x1782;&#x1784;_1995_000000000000000_B162_OR_11</subfield>
    <subfield code="7">0</subfield>
    <subfield code="9">37044</subfield>
    <subfield code="a">LBB</subfield>
    <subfield code="b">LBB</subfield>
    <subfield code="d">2016-02-04</subfield>
    <subfield code="o">FIS &#x1782;&#x1784;&#x17CB; 1995 B162 Or.11</subfield>
    <subfield code="p">RUA011404</subfield>
    <subfield code="r">2016-02-04</subfield>
    <subfield code="w">2016-02-04</subfield>
    <subfield code="y">FIS</subfield>
  </datafield>
</record>
